| Tag |
First Indicator |
Second Indicator |
Subfields |
| LEADER |
00000pam a2200000 a 4500 |
| 001 |
in00000069756 |
| 005 |
20151008054549.0 |
| 008 |
800911s1981 ilua b 10100 engm |
| 010 |
|
|
|a 80022692
|
| 020 |
|
|
|a 0398041695
|
| 035 |
|
|
|a (OCoLC)06762192
|
| 035 |
|
|
|9 AAJ1029AM
|
| 040 |
|
|
|a DLC
|c DLC
|d m.c.
|d TXA
|d UtOrBLW
|
| 049 |
|
|
|a TXAM
|c [1654891]
|
| 050 |
0 |
0 |
|a SF411.5
|b .I57
|
| 082 |
0 |
|
|a 636.08/87
|2 19
|
| 245 |
0 |
0 |
|a Interrelations between people and pets /
|c edited by Bruce Fogle ; with a foreword by Andrew Edney.
|
| 264 |
|
1 |
|a Springfield, Ill. :
|b C.C. Thomas,
|c [1981]
|
| 264 |
|
4 |
|c ©1981
|
| 300 |
|
|
|a xv, 352 pages :
|b illustrations ;
|c 24 cm.
|
| 336 |
|
|
|a text
|b txt
|2 rdacontent
|
| 337 |
|
|
|a unmediated
|b n
|2 rdamedia
|
| 338 |
|
|
|a volume
|b nc
|2 rdacarrier
|
| 504 |
|
|
|a Includes bibliographies and index.
|
| 650 |
|
0 |
|a Pets
|x Social aspects
|x Congresses.
|
| 650 |
|
0 |
|a Pet owners
|x Psychology
|x Congresses.
|
| 650 |
|
0 |
|a Pets
|x Behavior
|v Congresses.
|
| 700 |
1 |
|
|a Fogle, Bruce.
|
| 999 |
|
|
|a MARS
|
| 999 |
f |
f |
|s 7afb1b6c-1a3a-3303-b754-7e4f015cfdc3
|i c46aee5a-5c85-363e-b6b0-8ad507b47992
|t 0
|
| 952 |
f |
f |
|p ric
|a Texas A&M University
|b Rellis Campus
|c Joint Library Facility
|s JLF
|d Remote Storage
|t 0
|e SF411.5 .I57
|h Library of Congress classification
|i unmediated -- volume
|m A14806238200
|
| 998 |
f |
f |
|a SF411.5 .I57
|t 0
|l Remote Storage
|